| 000 | 00679nam a22001577a 4500 | ||
|---|---|---|---|
| 008 | 170309b xxu||||| |||| 00| 0 eng d | ||
| 082 |
_22016 _aUT 0722 _bAr21 |
||
| 100 |
_919321 _aArcayda, Alma Mae S. |
||
| 245 |
_aWaste Oil Management and Disposal Practices of Auto Repair Shops and Motorcycle Repair Shops in Selected Barangays in Digos City _cAlma Mae S. Arcayda, Jenny Rey P. Ordaniza and Noveia Clowie J. Trugillo. |
||
| 300 |
_a62 pages; _b29 cm. |
||
| 650 | 0 |
_919322 _aEducation _vBiological Science _xUndergraduate Thesis |
|
| 700 |
_919324 _aArcayda, Alma Mae S. |
||
| 700 |
_919325 _aOrdaniza, Jenny Rey P. |
||
| 700 |
_919326 _aTrugillo, Noveia Clowie J. |
||
| 942 |
_2ddc _cUT |
||
| 999 |
_c6400 _d6400 |
||